000 00444nam a2200145Ia 4500
008 231129s1998||||xx |||||||||||||| ||spa||
020 _a968-6454-96-9
040 _bspa
082 _aCo863 J37pl
100 _aJaramillo Ana Marí­a
245 0 _aPlayas borrascosas: entrevistas con escritores veracruzanos
260 _c1998
264 _aEdiciones sin nombre; Ediciones Juan Pablo
942 _2ddc
_cBKS
999 _c22858
_d22858